Obsah a úloha finančnej analýzy
Zisťovanie finančnej situácie firmy a úrovne finančného hospodárenia - úloha finančnej analýzy. Analýza likvidity, riadenie likvidity, likvidné aktíva. Pomerové ukazovatele. Analýza štruktúry kapitálu. Analýza aktivity. Analýza výnosovosti. Postup finančnej analýzy. Vzory výkazu ziskov a strát. Vzor...
Enregistré dans:
| Auteur principal: | |
|---|---|
| Format: | Chapitre de livre |
| Langue: | slovaque |
| Sujets: | |
| Tags: |
Pas de tags, Soyez le premier à ajouter un tag!
|
MARC
| LEADER | 00000naa a2200000 4500 | ||
|---|---|---|---|
| 001 | r022968 | ||
| 005 | 20221213095431.4 | ||
| 041 | 0 | |a slo | |
| 044 | |a SK | ||
| 245 | 1 | 0 | |a Obsah a úloha finančnej analýzy |c Ľudmila Kalafutová |
| 520 | |a Zisťovanie finančnej situácie firmy a úrovne finančného hospodárenia - úloha finančnej analýzy. Analýza likvidity, riadenie likvidity, likvidné aktíva. Pomerové ukazovatele. Analýza štruktúry kapitálu. Analýza aktivity. Analýza výnosovosti. Postup finančnej analýzy. Vzory výkazu ziskov a strát. Vzor súvahy. Výkaz cash flow. Ukazovatele likvidity. | ||
| 610 | 2 | 0 | |a analýza finančná |
| 610 | 2 | 0 | |a ukazovatele finančné |
| 610 | 2 | 0 | |a výkazy účtovné |
| 610 | 2 | 0 | |a výkaz ziskov a strát |
| 610 | 2 | 0 | |a informácie vnútropodnikové |
| 610 | 2 | 0 | |a súvaha |
| 610 | 2 | 0 | |a cash flow |
| 610 | 2 | 0 | |a likvidita |
| 100 | 1 | |a Kalafutová, Ľudmila | |